Language Quiz

Random Language Quiz

Ends in Ega Quiz Stats

 Plays Quiz not verified by Sporcle

Challenge
Share
Tweet
Embed
Score 0/10 Timer 03:00
0 Plays Today
Clue Word % Correct
Last letter of the Greek alphabet or Swiss luxury watch manufacturerOmega
94.1%
Japanese multinational video game developer/publisherSega
94.1%
Something very large or unit prefix denoting a factor of one millionMega
82.4%
The brightest star in the constellation LyraVega
76.5%
Will Ferrell's comedy film _________ Nights: The Ballad of Ricky BobbyTalladega
70.6%
American brand of Mexican style food products (taco seasonings, shells, etc.)Ortega
64.7%
A winery or wine cellar (from the Spanish)Bodega
47.1%
Second largest lake in Europe after Ladoga located in RussiaOnega
23.5%
Italian luxury goods brand ______ VenetaBottega
23.5%
Burundi's second largest cityGitega
17.6%

You're not logged in!

Compare scores with friends on all Sporcle quizzes.
Join for Free
OR
Log In

You Might Also Like...

Show Comments

Extras

Created Oct 10, 2015ReportNominate
Tags:end, ending

Top Quizzes Today


Score Distribution

Your Account Isn't Verified!

In order to create a playlist on Sporcle, you need to verify the email address you used during registration. Go to your Sporcle Settings to finish the process.

Report this User

Report this user for behavior that violates our Community Guidelines.

Details: